000 00416nam a2200157 4500
001 118827
003 ES-MaACL
005 20230906191204.0
007 t|
008 070214s1981 sp r ||||1| spa d
100 1 _aPetrov, Luben.
_991553
245 1 0 _aAu dela du Danube
_b: roman /
_cLuben Petrov.
260 _a[s.l.] :
_bDunonia,
_c1981.
300 _a308 p. ;
_c20 cm.
852 _aES-MaACL
_jL-1867
_bR.102513
999 _c118827
_d118827